000 00194 a2200097 4500
001 48927
100 _aROH
245 _aSafar gushat
260 _aLahore
_bFeroz Sons
_c
090 _c31819
_d31819
942 _aNUST-CAE
_cM
_c24246
999 _c284000
_d284000